[Event "Moscow Blondes-Brunettes m 13th"]
[Site "Moscow"]
[Date "2024.03.14"]
[Round "1.3"]
[White "Badelka, Olga"]
[Black "Kirchei, Viktoriia"]
[Result "1-0"]
[WhiteElo "2377"]
[BlackElo "2070"]
[PlyCount "107"]
[EventDate "2024.03.14"]
[EventType "schev (blitz)"]
[EventRounds "8"]
[EventCountry "RUS"]
[SourceTitle "CB13_2024"]
[SourceDate "2024.03.27"]
[SourceVersion "1"]
[SourceVersionDate "2024.03.27"]
[SourceQuality "1"]
[WhiteTeam "Blondes"]
[BlackTeam "Brunettes"]
[WhiteTeamCountry "RUS"]
[BlackTeamCountry "RUS"]

1. d4 Nf6 2. c4 e6 3. Nc3 Bb4 4. a3 Bxc3+ 5. bxc3 b6 6. f3 Bb7 7. e4 d6 8. Bd3 Nbd7 9. Ne2 e5 10. Be3 Qe7 11. Ng3 h6 12. 0-0 0-0 13. Nf5 Qe6 14. Qe1 Kh8 15. Qh4 Nh7 16. Rae1 Ba6 17. f4 exf4 18. Qxf4 Rae8 19. Rf3 Rg8 20. Rh3 Ndf8 21. d5 Qd7 22. Bd4 f6 23. Rg3 Qf7 24. Qg4 Nd7 25. Nh4 Nhf8 26. e5 Nxe5 27. Bxe5 Rxe5 28. Rxe5 dxe5 29. Qf5 g6 30. Qf2 f5 31. Qe1 e4 32. Bf1 Qf6 33. Rh3 Kg7 34. g3 g5 35. Ng2 Ng6 36. Ne3 Rf8 37. Bg2 Qe5 38. Qd2 Qf6 39. g4 f4 40. Nf5+ Kf7 41. Nxh6+ Ke8 42. Bxe4 Qe5 43. Bxg6+ Kd8 44. Bf5 Bxc4 45. Be6 Ke7 46. Nf5+ Kd8 47. Nd4 Qd6 48. Nc6+ Ke8 49. Rh7 Rf6 50. Qd4 Qc5 51. Qxc5 bxc5 52. Rxc7 f3 53. Kf2 Be2 54. Rc8# 1-0

[Event "Wch Rapid (Women)"]
[Site "Almaty"]
[Date "2022.12.28"]
[Round "10"]
[White "Kirchei, Viktoriia"]
[Black "Bauyrzhan, Arnash"]
[Result "1-0"]
[WhiteElo "1998"]
[BlackElo "1941"]
[PlyCount "67"]
[EventDate "2022.12.26"]
[EventType "swiss (rapid)"]
[EventRounds "11"]
[EventCountry "KAZ"]
[SourceTitle "CBM 211 Extra"]
[Source "ChessBase"]
[SourceDate "2023.01.31"]
[SourceVersion "1"]
[SourceVersionDate "2023.01.31"]
[SourceQuality "1"]

1. e4 c5 2. Nf3 e6 3. d3 Nc6 4. Nbd2 d5 5. g3 Nf6 6. Bg2 Be7 7. 0-0 0-0 8. c3 dxe4 9. dxe4 e5 10. Qc2 Qc7 11. a4 h6 12. Nc4 Be6 13. Ne3 Rfd8 14. Nh4 Bf8 15. f4 Na5 16. fxe5 Qxe5 17. Nef5 Bb3 18. Qf2 Bc4 19. Re1 Rd7 20. Bf4 Qe6 21. Bh3 Qb6 22. e5 Nd5 23. Nxh6+ gxh6 24. Bxd7 Rd8 25. e6 Nxf4 26. Qxf4 Bxe6 27. Bxe6 c4+ 28. Kh1 fxe6 29. Qg4+ Bg7 30. Rxe6 Qxb2 31. Rae1 Qxc3 32. Re8+ Rxe8 33. Rxe8+ Kf7 34. Qe6# 1-0

[Event "Wch Rapid (Women)"]
[Site "Almaty"]
[Date "2022.12.28"]
[Round "9"]
[White "Mikhaylova, Irina"]
[Black "Kirchei, Viktoriia"]
[Result "0-1"]
[WhiteElo "2064"]
[BlackElo "1998"]
[PlyCount "90"]
[EventDate "2022.12.26"]
[EventType "swiss (rapid)"]
[EventRounds "11"]
[EventCountry "KAZ"]
[SourceTitle "CBM 211 Extra"]
[Source "ChessBase"]
[SourceDate "2023.01.31"]
[SourceVersion "1"]
[SourceVersionDate "2023.01.31"]
[SourceQuality "1"]

1. Nf3 Nf6 2. c4 e6 3. g3 d5 4. Bg2 Be7 5. 0-0 0-0 6. d4 dxc4 7. Qa4 a6 8. Qxc4 b5 9. Qc2 Bb7 10. a4 b4 11. Nbd2 Nbd7 12. Nb3 Rc8 13. Rd1 Be4 14. Qd2 c5 15. dxc5 Bd5 16. Nfd4 Nxc5 17. Nxc5 Bxc5 18. e3 Bxg2 19. Kxg2 Qd5+ 20. Nf3 Qh5 21. Qe2 e5 22. Bd2 e4 23. Ng1 Qe5 24. Be1 a5 25. Rac1 Be7 26. b3 h6 27. Rc4 Rcd8 28. Rcd4 Rc8 29. Rc4 Rfd8 30. Rdc1 Rxc4 31. Qxc4 Rd3 32. h3 Qb2 33. Qc8+ Kh7 34. Rc7 Qe5 35. Qb7 Nd5 36. Rd7 Qe6 37. Ne2 Nxe3+ 38. fxe3 Rxd7 39. Qb5 Qd5 40. Qb8 Qd1 41. Kf1 Qxb3 42. Qf4 Qe6 43. Kg2 b3 44. Nd4 Rxd4 45. exd4 b2 0-1

[Event "Wch Rapid (Women)"]
[Site "Almaty"]
[Date "2022.12.27"]
[Round "5"]
[White "Enkhtuul, Altanulzii"]
[Black "Kirchei, Viktoriia"]
[Result "1-0"]
[WhiteElo "2195"]
[BlackElo "1998"]
[PlyCount "111"]
[EventDate "2022.12.26"]
[EventType "swiss (rapid)"]
[EventRounds "11"]
[EventCountry "KAZ"]
[SourceTitle "CBM 211 Extra"]
[Source "ChessBase"]
[SourceDate "2023.01.31"]
[SourceVersion "1"]
[SourceVersionDate "2023.01.31"]
[SourceQuality "1"]

1. d4 Nf6 2. c4 e6 3. Nf3 Bb4+ 4. Bd2 a5 5. a3 Bxd2+ 6. Nbxd2 d6 7. g3 b6 8. Bg2 Bb7 9. 0-0 0-0 10. b4 Nbd7 11. Qc2 Qe7 12. e4 e5 13. d5 Rfc8 14. Rfc1 Ne8 15. Ne1 g6 16. Nd3 f5 17. f4 Nef6 18. bxa5 fxe4 19. Nxe4 Nxe4 20. Bxe4 Rxa5 21. Re1 Qg7 22. Kh1 Nc5 23. Nxc5 Rxc5 24. fxe5 dxe5 25. Qd3 Rd8 26. Qb3 Qe7 27. Bg2 Qd6 28. Rf1 Rf8 29. Rxf8+ Qxf8 30. Rf1 Qe7 31. Re1 Ra5 32. a4 Ra8 33. Qc3 Re8 34. a5 bxa5 35. Qxa5 Qd6 36. c5 Qe7 37. Qa2 Kg7 38. Qb3 Bc8 39. Qc3 Bf5 40. Ra1 Rb8 41. h3 Kg8 42. g4 Bd7 43. Re1 Re8 44. Qa5 Bc8 45. Qb5 Rf8 46. Qc4 Kg7 47. Qc3 Re8 48. Ra1 Qh4 49. Ra7 Bxg4 50. Rxc7+ Kg8 51. d6 Bf5 52. Qb3+ Be6 53. Qe3 Bf5 54. d7 Rf8 55. Bd5+ Kg7 56. d8Q+ 1-0

[Event "Wch Rapid (Women)"]
[Site "Almaty"]
[Date "2022.12.26"]
[Round "4"]
[White "Kirchei, Viktoriia"]
[Black "Borisova, Ekaterina"]
[Result "0-1"]
[WhiteElo "1998"]
[BlackElo "2107"]
[PlyCount "144"]
[EventDate "2022.12.26"]
[EventType "swiss (rapid)"]
[EventRounds "11"]
[EventCountry "KAZ"]
[SourceTitle "CBM 211 Extra"]
[Source "ChessBase"]
[SourceDate "2023.01.31"]
[SourceVersion "1"]
[SourceVersionDate "2023.01.31"]
[SourceQuality "1"]

1. e4 e5 2. Nf3 Nc6 3. Bb5 a6 4. Ba4 f5 5. d3 fxe4 6. dxe4 Nf6 7. 0-0 d6 8. Nc3 Be7 9. h3 0-0 10. Bb3+ Kh8 11. a4 Qe8 12. Kh1 Qg6 13. Nh4 Qe8 14. Nf3 Bd7 15. Be3 Nd8 16. Ng5 Qg6 17. Nf3 Bc6 18. Nh4 Qe8 19. Nf5 Bd7 20. Ng3 Ne6 21. Bxe6 Bxe6 22. Nd5 Bxd5 23. exd5 Qf7 24. c4 c6 25. dxc6 bxc6 26. Nf5 d5 27. cxd5 cxd5 28. Nxe7 Qxe7 29. Bg5 Qe6 30. Bxf6 Rxf6 31. Qe2 d4 32. Rad1 Raf8 33. f3 Qd6 34. Rfe1 Rf5 35. Qe4 Qb4 36. Qc2 Rg5 37. Re4 h6 38. b3 Rf6 39. f4 Rxf4 40. Rxf4 exf4 41. Qc8+ Kh7 42. Qc2+ Rg6 43. Qe4 Qxb3 44. Rxd4 f3 45. Rd6 fxg2+ 46. Kg1 Qg3 47. Rxg6 Qxg6 48. Qe2 Qc6 49. Qd3+ Qg6 50. Qe2 h5 51. Qf3 Kh6 52. Qe3+ Kh7 53. Qf3 a5 54. Qd5 h4 55. Qxa5 Qe4 56. Qd2 Qxa4 57. Kxg2 Qe4+ 58. Kf2 Qf5+ 59. Kg2 Qg6+ 60. Kf1 Qg3 61. Qd7 Kh6 62. Qc8 Qf4+ 63. Kg1 Qd4+ 64. Kf1 Kg5 65. Kg2 Qe4+ 66. Kg1 g6 67. Qd8+ Kf5 68. Qf8+ Ke5 69. Qg7+ Kf4 70. Qf6+ Kg3 71. Qd6+ Kxh3 72. Qd7+ Qf5 0-1

[Event "RUS-chT Blitz (Women)"]
[Site "Sochi"]
[Date "2022.10.17"]
[Round "9.7"]
[White "Kirchei, Viktoriia"]
[Black "Badelka, Olga"]
[Result "0-1"]
[WhiteElo "2070"]
[BlackElo "2416"]
[PlyCount "46"]
[EventDate "2022.10.17"]
[EventType "team-swiss (blitz)"]
[EventRounds "11"]
[EventCountry "RUS"]
[SourceTitle "CBM 210 Extra"]
[Source "ChessBase"]
[SourceDate "2022.11.30"]
[SourceVersion "1"]
[SourceVersionDate "2022.11.30"]
[SourceQuality "1"]
[WhiteTeam "Moscow MGFSO (W)"]
[BlackTeam "Cheliabinsk Yuzhnyy Ural (W)"]
[WhiteTeamCountry "RUS"]
[BlackTeamCountry "RUS"]

1. e4 e5 2. Nf3 Nc6 3. Bb5 Nf6 4. 0-0 Nxe4 5. d4 Nd6 6. Bxc6 dxc6 7. dxe5 Nf5 8. Qxd8+ Kxd8 9. Rd1+ Ke8 10. Bf4 h6 11. g4 Ne7 12. h3 Ng6 13. Bg3 h5 14. Ng5 hxg4 15. hxg4 Bxg4 16. Rd4 Bf5 17. Nc3 Be7 18. Nge4 c5 19. Rd2 Nh4 20. Rd3 b5 21. f3 c4 22. Re3 Bxe4 23. fxe4 Bc5 0-1

[Event "RUS-ch Rapid (Women)"]
[Site "Sochi"]
[Date "2022.10.15"]
[Round "1"]
[White "Bodnaruk, Anastasia"]
[Black "Kirchei, Viktoriia"]
[Result "1-0"]
[WhiteElo "2378"]
[BlackElo "2070"]
[PlyCount "97"]
[EventDate "2022.10.15"]
[EventType "swiss (rapid)"]
[EventRounds "11"]
[EventCountry "RUS"]
[SourceTitle "CBM 210 Extra"]
[Source "ChessBase"]
[SourceDate "2022.11.30"]
[SourceVersion "1"]
[SourceVersionDate "2022.11.30"]
[SourceQuality "1"]

1. e4 e5 2. Nf3 Nc6 3. Bc4 Bc5 4. d3 Nf6 5. Bg5 Be7 6. 0-0 0-0 7. c3 d6 8. a4 a5 9. Nbd2 Be6 10. Re1 Nd7 11. Bxe7 Qxe7 12. d4 Bg4 13. h3 Bh5 14. g4 Bg6 15. d5 Nd8 16. Nf1 h6 17. Ng3 Kh8 18. Qd2 Qf6 19. Kg2 Nb6 20. Bb3 c6 21. h4 Re8 22. c4 c5 23. g5 hxg5 24. hxg5 Qf4 25. Qd3 Kg8 26. Rh1 f5 27. gxf6 Qxf6 28. Nh4 Nf7 29. Bd1 Rf8 30. Nxg6 Qxg6 31. Bh5 Qg5 32. b3 Nh6 33. Qe3 Rf4 34. Raf1 Raf8 35. Be2 Nd7 36. Rh5 Qg6 37. f3 Nf6 38. Rh3 Nh7 39. Qd2 Ng5 40. Rhh1 Nh7 41. Qxa5 Qg5 42. Rh5 Qg6 43. Qc7 Nf6 44. Qxd6 Nf7 45. Qb6 Ng5 46. Rfh1 Nf7 47. Qe6 Nxh5 48. Qxg6 Rxf3 49. Qxh5 1-0

[Event "Cheliabinsk Panchenko Memorial op-B"]
[Site "Cheliabinsk"]
[Date "2022.09.14"]
[Round "3"]
[White "Darmaeva, Nomina"]
[Black "Kirchei, Viktoriia"]
[Result "0-1"]
[WhiteElo "1829"]
[BlackElo "2125"]
[PlyCount "76"]
[EventDate "2022.09.12"]
[EventType "swiss"]
[EventRounds "10"]
[EventCountry "RUS"]
[SourceTitle "CBM 210 Extra"]
[Source "ChessBase"]
[SourceDate "2022.11.30"]
[SourceVersion "1"]
[SourceVersionDate "2022.11.30"]
[SourceQuality "1"]

1. e4 d6 2. d4 Nf6 3. Nc3 e5 4. Nf3 Nbd7 5. Bc4 Be7 6. 0-0 0-0 7. a4 a5 8. Re1 c6 9. b3 exd4 10. Nxd4 Nb6 11. Bf1 d5 12. e5 Ne8 13. f4 Bb4 14. Bd2 Nc7 15. Nce2 Bc5 16. Be3 f6 17. Qd2 fxe5 18. fxe5 Qe7 19. Nf4 Nd7 20. Nd3 Bb6 21. c3 Nc5 22. Bg5 Qf7 23. Nxc5 Bxc5 24. Bd3 Qh5 25. Rf1 Bg4 26. Kh1 Ne6 27. Nxe6 Bxe6 28. Rae1 d4 29. Be2 Qg6 30. Rb1 h6 31. Bh4 Qe4 32. Bg3 dxc3 33. Qxc3 Qxe2 34. Rfe1 Bb4 35. Qxb4 Rf1+ 36. Rxf1 axb4 37. Rbc1 Qa2 38. Rcd1 Bd5 0-1

[Event "Cheliabinsk Panchenko Memorial op-B"]
[Site "Cheliabinsk"]
[Date "2022.09.12"]
[Round "1"]
[White "Kozlova, Olga1111"]
[Black "Kirchei, Viktoriia"]
[Result "1-0"]
[WhiteElo "1667"]
[BlackElo "2125"]
[PlyCount "97"]
[EventDate "2022.09.12"]
[EventType "swiss"]
[EventRounds "10"]
[EventCountry "RUS"]
[SourceTitle "CBM 210 Extra"]
[Source "ChessBase"]
[SourceDate "2022.11.30"]
[SourceVersion "1"]
[SourceVersionDate "2022.11.30"]
[SourceQuality "1"]

1. d4 Nf6 2. Nf3 e6 3. g3 d5 4. Bg2 b5 5. 0-0 Be7 6. a4 b4 7. c4 bxc3 8. Nxc3 Na6 9. Bf4 0-0 10. Rc1 Bb7 11. Qb3 Bc8 12. Nb5 c5 13. dxc5 Nxc5 14. Qc2 Bd7 15. Bc7 Qe8 16. Nd6 Bxd6 17. Bxd6 Nxa4 18. Bxf8 Qxf8 19. Ne5 Bb5 20. Rfd1 Nb6 21. e3 Rc8 22. Qd2 Nc4 23. Nxc4 Bxc4 24. Bf1 Ne4 25. Qd4 Bb3 26. Re1 a5 27. Qb6 Rb8 28. Qxa5 Ra8 29. Qb6 Nd2 30. Bg2 Bc4 31. Rc2 Rb8 32. Qa5 Nb3 33. Qa3 Nc5 34. Bf1 Ra8 35. Qc3 Ne4 36. Qd4 Bb3 37. Rc7 Ng5 38. Bg2 h6 39. h4 e5 40. Qxe5 Ne6 41. Rc3 Qb4 42. Rec1 Qb7 43. Qd6 Ra2 44. Rc8+ Kh7 45. Qe5 Qd7 46. Qf5+ g6 47. Qf6 Ng7 48. R8c7 Qe6 49. Qxf7 1-0

[Event "Moscow op-B (Women) 18th"]
[Site "Moscow"]
[Date "2022.07.19"]
[Round "8"]
[White "Kirchei, Viktoriia"]
[Black "Goltseva, Ekaterina"]
[Result "1/2-1/2"]
[WhiteElo "2028"]
[BlackElo "2284"]
[PlyCount "87"]
[EventDate "2022.07.14"]
[EventType "swiss"]
[EventRounds "9"]
[EventCountry "RUS"]
[SourceTitle "CBM 209 Extra"]
[Source "ChessBase"]
[SourceDate "2022.09.30"]
[SourceVersion "1"]
[SourceVersionDate "2022.09.30"]
[SourceQuality "1"]

1. e4 e6 2. d4 d5 3. Nd2 c5 4. exd5 Qxd5 5. dxc5 Nf6 6. Ngf3 Qxc5 7. Bd3 Nbd7 8. Qe2 Qc7 9. Nb3 Be7 10. Bg5 0-0 11. 0-0 b6 12. c3 Bb7 13. Rad1 Rad8 14. Rfe1 Rfe8 15. Bh4 Qb8 16. Bb5 Bxf3 17. Qxf3 Ne5 18. Qe2 Rxd1 19. Rxd1 Rd8 20. Bg3 Rxd1+ 21. Qxd1 Bd6 22. Nd4 h6 23. Nc6 Nxc6 24. Qxd6 Qxd6 25. Bxd6 Ne4 26. Bc7 Ne7 27. f3 Nc5 28. b4 Nd5 29. Bb8 a6 30. Bc4 Na4 31. Bxd5 exd5 32. Be5 f6 33. Bd4 b5 34. Kf2 Kf7 35. Ke3 h5 36. Kf4 Nb2 37. g4 hxg4 38. Kxg4 Nd3 39. Be3 Ke6 40. f4 g6 41. h4 Ne1 42. Bd4 Nd3 43. Be3 Ne1 44. Bd4 1/2-1/2

[Event "Titled Tuesday intern op 22nd Dec"]
[Site "Chess.com INT"]
[Date "2020.12.22"]
[Round "1"]
[White "Kirchei, Viktoriia"]
[Black "Riff, Vincent"]
[Result "1-0"]
[WhiteElo "2207"]
[BlackElo "2405"]
[PlyCount "139"]
[EventDate "2020.12.22"]
[EventType "swiss (blitz)"]
[EventRounds "11"]
[EventCountry "USA"]
[SourceTitle "CBM 199 Extra"]
[Source "ChessBase"]
[SourceDate "2021.01.31"]
[SourceVersion "1"]
[SourceVersionDate "2021.01.31"]
[SourceQuality "1"]

1. e4 c5 2. Nf3 Nc6 3. Bb5 d6 4. d4 cxd4 5. Qxd4 a6 6. Bxc6+ bxc6 7. 0-0 e5 8. Qd3 Nf6 9. c4 Nd7 10. Nc3 Nc5 11. Qe2 Be7 12. h3 a5 13. Be3 Ne6 14. Rfd1 Qc7 15. a3 0-0 16. b4 axb4 17. axb4 Rxa1 18. Rxa1 Bf6 19. Ra7 Qb8 20. Qd2 Nd4 21. Nxd4 Qxa7 22. Nxc6 Qa1+ 23. Kh2 Be6 24. Nd5 Bxd5 25. Qxd5 Qb1 26. b5 Qb3 27. b6 Bd8 28. Qxd6 Bxb6 29. Bxb6 Qxc4 30. Ne7+ Kh8 31. Ng6+ hxg6 32. Qxf8+ Kh7 33. Be3 f6 34. Qa8 g5 35. Qd5 Qa4 36. Bc5 Qc2 37. Be3 Kg6 38. f3 Qe2 39. Qc5 Qe1 40. Bf2 Qe2 41. Qe3 Qf1 42. h4 gxh4 43. Bxh4 Qb1 44. Bf2 Qf1 45. Qe1 Qd3 46. Be3 Qb3 47. Qg3+ Kf7 48. f4 exf4 49. Qxf4 Qb5 50. Qc7+ Kg6 51. Qg3+ Kf7 52. Bf4 Qh5+ 53. Qh3 Qe2 54. Qd7+ Kg8 55. Qe6+ Kh7 56. Qf5+ Kg8 57. e5 fxe5 58. Bxe5 Qa2 59. Qg5 Qf7 60. Kg3 Qb3+ 61. Kh4 Qb4+ 62. Kh3 Qb3+ 63. Qg3 Qe6+ 64. Kh2 g6 65. Bf4 Qf5 66. Qg5 Qe4 67. Bg3 Kh7 68. Qf6 Qd5 69. Be5 Qg8 70. Qh4# 1-0

[Event "Titled Tuesday intern op 22nd Dec"]
[Site "Chess.com INT"]
[Date "2020.12.22"]
[Round "3"]
[White "Spata, German"]
[Black "Kirchei, Viktoriia"]
[Result "1/2-1/2"]
[WhiteElo "2257"]
[BlackElo "2207"]
[PlyCount "113"]
[EventDate "2020.12.22"]
[EventType "swiss (blitz)"]
[EventRounds "11"]
[EventCountry "USA"]
[SourceTitle "CBM 199 Extra"]
[Source "ChessBase"]
[SourceDate "2021.01.31"]
[SourceVersion "1"]
[SourceVersionDate "2021.01.31"]
[SourceQuality "1"]

1. Nf3 Nf6 2. c4 e6 3. g3 d5 4. Bg2 Be7 5. 0-0 0-0 6. d4 dxc4 7. Qc2 a6 8. a4 Bd7 9. Qxc4 Bc6 10. Bg5 h6 11. Bxf6 Bxf6 12. Nbd2 Nd7 13. Rfc1 Nb6 14. Qc2 Bxd4 15. Nxd4 Qxd4 16. Bxc6 bxc6 17. Nf3 Qb4 18. Qxc6 Rfc8 19. Qc3 Qxc3 20. Rxc3 c5 21. Ne5 Nd5 22. Rc4 Rab8 23. Nd3 Rb3 24. Rac1 Nb6 25. Rxc5 Rxc5 26. Rxc5 Nxa4 27. Rc1 Rb6 28. Rc8+ Kh7 29. Rc2 f6 30. Kg2 Kg6 31. h4 Rb3 32. Rc6 Nxb2 33. Nxb2 Rxb2 34. Rxe6 Ra2 35. e3 a5 36. Ra6 a4 37. Kf3 a3 38. Ra7 Ra1 39. h5+ Kxh5 40. Rxg7 a2 41. Ra7 Kg6 42. Ra5 Kg7 43. g4 Kg6 44. Kf4 Kg7 45. Ra6 Kg6 46. e4 h5 47. g5 Rf1 48. Rxa2 fxg5+ 49. Kg3 Re1 50. Kf3 Rd1 51. Ra6+ Kg7 52. Ra7+ Kg6 53. Ra6+ Kg7 54. Ra5 Kg6 55. Ke3 Re1+ 56. Kf3 Rd1 57. Ra6+ 1/2-1/2

[Event "Wch FIDE Online U16 Girls Europe qual"]
[Site "Tornelo INT"]
[Date "2020.12.09"]
[Round "6"]
[White "Kirchei, Viktoriia"]
[Black "Popovic, Mateja"]
[Result "1-0"]
[WhiteElo "1949"]
[BlackElo "1610"]
[PlyCount "63"]
[EventDate "2020.12.07"]
[EventType "swiss (rapid)"]
[EventRounds "7"]
[EventCountry "ISS"]
[SourceTitle "EXT 2022"]
[Source "ChessBase"]
[SourceDate "2021.10.06"]
[SourceVersion "1"]
[SourceVersionDate "2021.10.06"]
[SourceQuality "1"]

1. e4 e5 2. Nf3 Nf6 3. Nxe5 d6 4. Nf3 Nxe4 5. d4 d5 6. Bd3 Bf5 7. 0-0 Be7 8. Re1 0-0 9. Nc3 Nxc3 10. bxc3 Bxd3 11. Qxd3 Bf6 12. Bf4 Nc6 13. Rab1 b6 14. Ne5 Nxe5 15. dxe5 Bg5 16. Bxg5 Qxg5 17. Qxd5 Rfd8 18. Qe4 Qd2 19. Re3 Re8 20. Rbe1 h6 21. h3 Rad8 22. Qf5 Rd5 23. R1e2 Qd1+ 24. Kh2 Ra5 25. Qg4 Re6 26. Rd3 Qa1 27. Rd8+ Kh7 28. Qf5+ Rg6 29. Qxf7 Qxa2 30. e6 Rf6 31. Qg8+ Kg6 32. e7 1-0

[Event "Titled Tuesday intern op 01st Dec"]
[Site "Chess.com INT"]
[Date "2020.12.01"]
[Round "2"]
[White "Kirchei, Viktoriia"]
[Black "Kretov, Evgenij"]
[Result "0-1"]
[WhiteElo "2207"]
[BlackElo "2269"]
[PlyCount "70"]
[EventDate "2020.12.01"]
[EventType "swiss (blitz)"]
[EventRounds "11"]
[EventCountry "USA"]
[SourceTitle "CBM 199 Extra"]
[Source "ChessBase"]
[SourceDate "2021.01.31"]
[SourceVersion "1"]
[SourceVersionDate "2021.01.31"]
[SourceQuality "1"]

1. e4 c5 2. Nf3 Nc6 3. Bb5 a6 4. Bxc6 dxc6 5. 0-0 Qc7 6. h3 e5 7. c3 Bd6 8. d4 cxd4 9. cxd4 exd4 10. Qxd4 f6 11. Re1 c5 12. Qc3 Ne7 13. e5 fxe5 14. Nxe5 Be6 15. Nf3 Bd5 16. Bg5 0-0 17. Nbd2 Rae8 18. Rad1 Qc6 19. Bxe7 Rxe7 20. Rxe7 Bxe7 21. Re1 Bf6 22. Qc2 b5 23. Ne4 Bxe4 24. Rxe4 Qd5 25. b3 Rd8 26. Re1 c4 27. bxc4 bxc4 28. Nh2 Qd3 29. Qa4 c3 30. Qb3+ Kh8 31. Ng4 Qd2 32. Qe6 Rf8 33. Nxf6 gxf6 34. Qe7 Kg8 35. Qe5 fxe5 0-1

[Event "Titled Tuesday intern op 01st Dec"]
[Site "Chess.com INT"]
[Date "2020.12.01"]
[Round "6"]
[White "Kirchei, Viktoriia"]
[Black "Ondrus, Martin"]
[Result "0-1"]
[WhiteElo "2207"]
[BlackElo "2274"]
[PlyCount "84"]
[EventDate "2020.12.01"]
[EventType "swiss (blitz)"]
[EventRounds "11"]
[EventCountry "USA"]
[SourceTitle "CBM 199 Extra"]
[Source "ChessBase"]
[SourceDate "2021.01.31"]
[SourceVersion "1"]
[SourceVersionDate "2021.01.31"]
[SourceQuality "1"]

1. e4 c5 2. Nf3 d6 3. d4 cxd4 4. Qxd4 Nc6 5. Bb5 Bd7 6. Qd3 Nf6 7. c4 e6 8. 0-0 Be7 9. Nc3 0-0 10. h3 a6 11. Bxc6 Bxc6 12. Nd4 Qc7 13. Be3 Rac8 14. Rac1 Qb8 15. a4 Rfd8 16. b3 Be8 17. f4 Nd7 18. f5 Ne5 19. Qe2 Bd7 20. Bf4 Bf6 21. fxe6 fxe6 22. Rcd1 Qc7 23. Qh5 Rf8 24. Nce2 Qc5 25. Kh1 Qb4 26. Bd2 Qb6 27. Bc3 Qc7 28. Nf4 Rce8 29. Nde2 b5 30. axb5 axb5 31. cxb5 Bxb5 32. Bxe5 Bxe5 33. Qg4 Qe7 34. Rde1 Rf6 35. Rf2 Ref8 36. Ref1 Bxe2 37. Qxe2 Rxf4 38. Rxf4 Rxf4 39. Rc1 h6 40. Rc8+ Kh7 41. b4 Qf7 42. b5 Rf1+ 0-1

[Event "Titled Tuesday intern op 17th Nov"]
[Site "Chess.com INT"]
[Date "2020.11.17"]
[Round "2"]
[White "Godzwon, Iwo"]
[Black "Kirchei, Viktoriia"]
[Result "1-0"]
[WhiteElo "2347"]
[BlackElo "2207"]
[PlyCount "57"]
[EventDate "2020.11.17"]
[EventType "swiss (blitz)"]
[EventRounds "11"]
[EventCountry "USA"]
[SourceTitle "CBM 199 Extra"]
[Source "ChessBase"]
[SourceDate "2021.01.31"]
[SourceVersion "1"]
[SourceVersionDate "2021.01.31"]
[SourceQuality "1"]

1. e4 c5 2. Nf3 Nc6 3. d4 cxd4 4. Nxd4 g6 5. c4 Bg7 6. Be3 Nf6 7. Nc3 d6 8. Be2 0-0 9. 0-0 Bd7 10. h3 Nxd4 11. Bxd4 Bc6 12. Qc2 a5 13. Rad1 Nd7 14. Bxg7 Kxg7 15. Bg4 Nf6 16. c5 Nxg4 17. hxg4 Qc8 18. cxd6 exd6 19. f3 Qe6 20. Qf2 Rfd8 21. Nd5 Qe5 22. Rfe1 Qg5 23. f4 Qxg4 24. Qd4+ Kh6 25. Kf2 Qh4+ 26. Kf3 Qh5+ 27. Kg3 Bxd5 28. Rh1 Rg8 29. exd5 1-0

[Event "Titled Tuesday intern op 17th Nov"]
[Site "Chess.com INT"]
[Date "2020.11.17"]
[Round "1"]
[White "Peng, David T"]
[Black "Kirchei, Viktoriia"]
[Result "0-1"]
[WhiteElo "2287"]
[BlackElo "2207"]
[PlyCount "86"]
[EventDate "2020.11.17"]
[EventType "swiss (blitz)"]
[EventRounds "11"]
[EventCountry "USA"]
[SourceTitle "CBM 199 Extra"]
[Source "ChessBase"]
[SourceDate "2021.01.31"]
[SourceVersion "1"]
[SourceVersionDate "2021.01.31"]
[SourceQuality "1"]

1. e4 c5 2. Nf3 Nc6 3. Bb5 g6 4. 0-0 Bg7 5. c3 Nf6 6. Re1 0-0 7. d4 cxd4 8. cxd4 d5 9. e5 Nd7 10. Nc3 Nb6 11. h3 Bd7 12. Qb3 e6 13. Bg5 Qc7 14. Rac1 a6 15. Bd3 Nc8 16. Na4 b6 17. Qd1 Qb7 18. a3 Na5 19. b4 Nc4 20. Qb3 Bxa4 21. Qxa4 Nb2 22. Qb3 Nxd3 23. Qxd3 b5 24. Rc5 Nb6 25. Nd2 Nc4 26. Nxc4 bxc4 27. Qc3 Rfc8 28. Be3 Bf8 29. Rxc8 Rxc8 30. f4 Qb5 31. Bd2 Qa4 32. g4 a5 33. f5 axb4 34. axb4 Qb3 35. fxe6 fxe6 36. Kf2 Ra8 37. Kg3 Qxc3+ 38. Bxc3 Ra3 39. Re3 Bxb4 40. Bd2 Rxe3+ 41. Bxe3 Ba3 42. Bd2 Bb2 43. Be3 c3 0-1